Advances in laboratory-based x-ray sources and optics : 31 July-1 August 2000, San Diego, USA /

Bibliographic Details
Corporate Author: Society of Photo-optical Instrumentation Engineers
Other Authors: MacDonald, Carolyn A. (Carolyn Ann), Khounsary, Ali M.
Format: Book
Language:English
Published: Bellingham, Wash., USA : SPIE, [2000]
Series:Proceedings of SPIE--the International Society for Optical Engineering ; v. 4144.
Subjects:

MARC

Tag First Indicator Second Indicator Subfields
LEADER 00000cam a2200000 a 4500
001 in00001618621
005 20151023053337.0
008 010117s2000 wau 101 0 eng d
020 |a 0819437891 
035 |a (OCoLC)ocm45740882 
040 |a CUS  |c CUS  |d TXA  |d UtOrBLW 
049 |a TXAM 
090 |a TA1775  |b .A38 2000 
245 0 0 |a Advances in laboratory-based x-ray sources and optics :  |b 31 July-1 August 2000, San Diego, USA /  |c Carolyn A. MacDonald, Ali M. Khounsary, chairs/editors ; sponsored ... by SPIE--the International Society for Optical Engineering. 
246 3 |a Advances in laboratory based x-ray sources and optics 
264 1 |a Bellingham, Wash., USA :  |b SPIE,  |c [2000] 
264 4 |c ©2000 
300 |a ix, 240 pages :  |b illustrations ;  |c 28 cm. 
336 |a text  |b txt  |2 rdacontent 
337 |a unmediated  |b n  |2 rdamedia 
338 |a volume  |b nc  |2 rdacarrier 
490 1 |a Proceedings / SPIE--the international society for optical engineering ;  |v v. 4144 
504 |a Includes bibliographical references and index. 
650 0 |a X-ray optics  |v Congresses. 
650 0 |a Grenz rays  |v Congresses. 
650 0 |a X-rays  |x Industrial applications  |v Congresses. 
650 0 |a Laser-plasma interactions  |v Congresses. 
650 0 |a Radiation sources  |v Congresses. 
700 1 |a MacDonald, Carolyn A.  |q (Carolyn Ann) 
700 1 |a Khounsary, Ali M. 
710 2 |a Society of Photo-optical Instrumentation Engineers. 
830 0 |a Proceedings of SPIE--the International Society for Optical Engineering ;  |v v. 4144. 
948 |a cataloged  |b h  |c 2001/5/24  |d c  |e dmitchel  |f 2:40:20 pm 
994 |a E0  |b TXA 
999 |a MARS 
999 f f |s e4ca265b-c922-3980-8390-e3a35e9a351d  |i ecf32bd8-43af-3f0e-8800-66d8d9649b81  |t 0 
952 f f |p ric  |a Texas A&M University  |b Rellis Campus  |c Joint Library Facility  |d Remote Storage  |t 0  |e TA1775 .A38 2000  |h Library of Congress classification  |i unmediated -- volume  |m A14827710461 
998 f f |a TA1775 .A38 2000  |t 0  |l Remote Storage